日本の飲食チェーン店の店舗数ランキング - Statistics

General Stats
  • This quiz has been taken 106 times
  • The average score is 17 of 28
Answer Stats
# 店舗数 店名 % Correct
1 2985 マクドナルド
98%
5 1307 モスバーガー
89%
8 1241 吉野家
85%
3 1983 スターバックス
84%
7 1247 ガスト
84%
11 1042 サイゼリヤ
81%
10 1086 松屋
80%
4 1960 すき家
78%
6 1270 KFC
78%
20 648 スシロー
76%
21 629 はま寿司
73%
12 1037 ドトール
70%
15 847 丸亀製麺
69%
25 552 くら寿司
69%
13 994 コメダ珈琲店
56%
2 2427 ほっともっと
54%
17 728 餃子の王将
53%
28 509 ココス
51%
27 515 牛角
46%
19 657 鳥貴族
38%
9 1203 CoCo壱番屋
38%
24 557 リンガーハット
34%
23 608 ジョイフル
31%
16 804 タリーズコーヒー
30%
18 711 ほっかほっか亭
29%
14 934 ドミノピザ
28%
22 616 ピザハット
26%
26 530 ピザーラ
26%
No matching quizzes found
Score Distribution
Percent of People with Each Score
Percentile by Number Answered
Your Score History
You have not taken this quiz